Normal view
MARC view
- BOARDMAN,D.GREGORY
Entry Personal Name
001 - CONTROL NUMBER
- control field: 90679
003 - CONTROL NUMBER IDENTIFIER
- control field: NUST
005 - DATE AND TIME OF LATEST TRANSACTION
- control field: 20220321100120.0
008 - FIXED-LENGTH DATA ELEMENTS
- fixed length control field: 220321|| aca||aabn | a|a d
040 ## - CATALOGING SOURCE
- Original cataloging agency: NUST
- Transcribing agency: NUST
100 ## - HEADING--PERSONAL NAME
- Personal name: BOARDMAN,D.GREGORY
670 ## - SOURCE DATA FOUND
- Source citation: Work cat.: (NUST): BOARDMAN,D.GREGORY., HAZARDOUS AND INDUSTRIAL /, 1997.
